00551nam a22001697a 450000500170000001000150001702000250003203500140005703700130007108200150008410000220009924500980012126000330021927000560025230000240030850000490033220170405150214.0 aENG-117565 a978818328442c695.00 aEN-101097 bDBAD/PUB a954.084092 aRam Naresh Prasad aNehru :cby Ram Naresh Prasadba troubled legacy with rare letters by Gandhi, Nehru & Patel / aNew DelhibWisdom Treec2015 a4779/23, Ansari Road Darya Ganj bNew Delhie110002 axiv,335p.c23cm(Hb) aIncludes bibliographical reference and Index